| 000 | 01717 a2200217 4500 | ||
|---|---|---|---|
| 001 | 47157 | ||
| 005 | 20260407155740.0 | ||
| 008 | 260407a1981 arg spa d | ||
| 003 | AR-UNSa-BCEJYS | ||
| 040 |
_aAR-UNSa-BCEJYS _bspa _cAR-UNSa-BCEJYS |
||
| 080 |
_a330.34 _xDesarrollo Económico |
||
| 245 | 1 | 0 | _aTeoría de la distribución de la Renta |
| 020 | _a84-309-0892-7 | ||
| 264 | 1 |
_aMadrid : _bTecnos _c1981 |
|
| 300 |
_a364 p. _c23 cm. |
||
| 505 | _a1. Introducción - 2. El enfoque ricardiano de la distribución y el crecimiento - 3. La teoría posricardiana: el problema del reparto total - 4. La teoría posricardiana: generalización de las categorías distributivas clásicas - 5. Los problemas que surgen en la aplicación de la teoría de la productividad marginal - 6. El modelo unisectorial de distribución de la renta - 7. El modelo bisectorial de distribución de la renta - 8. El modelo bisectorial (continuación) - 9. Problemática de la teoría de la renta de la tierra - 10. Problemática de la teoría de los salarios - 11. Capital e interés. El modelo de Wicksell - 12. Capital e interés. El modelo de Fisher - 13. Problemas de la teoría de la inversión - 14. Modelos de crecimiento económico: El de Harrod y el neoclásico unisectorial - 15. El modelo bisectorial de crecimiento económico - 16. La distribución funcional de la renta - 17. Aspectos de la teoría de la distribución de la renta - 18. La desigualdad en la distribución de la renta y el problema de la miseria. | ||
| 942 | _cBK | ||
| 590 | _aniveau_biblio:m niveau_hierar:0 | ||
| 100 | 1 | _aJohnson, Harry G. | |
| 856 | 4 | 1 |
_uhttps://www.biblioeco.unsa.edu.ar/pmb/images/libros/L127405.jpg _yImagen de portada _qimage/jpeg |
| 999 |
_c4298 _d4298 |
||